Relatos
Gorde:
| Egile nagusia: | |
|---|---|
| Formatua: | Liburua |
| Hizkuntza: | Undetermined |
| Argitaratua: |
Barcelona, España
Bruguera
1983
|
| Gaiak: | |
| Etiketak: |
Etiketa erantsi
Etiketarik gabe, Izan zaitez lehena erregistro honi etiketa jartzen!
|
MARC
| LEADER | 00000nam a2200000Ia 4500 | ||
|---|---|---|---|
| 008 | 170316s9999 xx 000 0 und d | ||
| 999 | |c 8160 |d 8160 | ||
| 040 | |a cru BVZT | ||
| 090 | |a 850 L-2r | ||
| 100 | |a Lampedusa, Giuseppe Tomasi di | ||
| 245 | |a Relatos |c / Giuseppe Tomasi di Lampedusa | ||
| 260 | |a Barcelona, España |b Bruguera |c 1983 | ||
| 300 | |a 141 páginas | ||
| 650 | |a LITERATURA ITALIANA |9 212 | ||
| 942 | |c SALA |h 850 L-2r |2 z | ||
